Naza ft. Niska - Joli bébé - Statistiques

Statistiques générales
  • Ce quiz a été pris 212 fois
  • Le résultat moyen est 242 sur 351
Statistiques - réponses
Réponse % Correct
J'
100%
j'
100%
à
99%
Bébé
98%
bébé
98%
d'
98%
m'
98%
t'
97%
T'
97%
c'
96%
Joli
96%
L'
92%
l'
92%
te
89%
Je
88%
je
88%
mon
88%
coeur
87%
ma
87%
sans
87%
le
86%
qu'
85%
donnerai
84%
me
84%
soucis
84%
pas
77%
adoucit
73%
dis
73%
Dis
73%
es
73%
la
73%
les
73%
suis
73%
De
72%
moi
72%
donnerais
70%
en
70%
qui
70%
mes
69%
toi
69%
ai
68%
est
68%
dans
67%
tu
66%
du
65%
bas
61%
belle
61%
bloc
61%
loin
61%
aime
60%
balles
60%
rentre
60%
tard
60%
comme
59%
Ici
58%
ici
58%
faute
57%
sont
57%
emmène
56%
Pardonne
56%
un
56%
sifflent
55%
très
55%
sens
54%
sentiments
53%
as
52%
autres
52%
on
52%
tes
52%
hirondelle
51%
train
51%
Chanel
49%
Coco
49%
condamnés
49%
dix
49%
Elle
49%
elle
49%
Louis
49%
passé
49%
dit
48%
impression
48%
mère
48%
Nos
48%
nuit
48%
coup
46%
menacé
46%
vie
46%
Vuitton
46%
affaire
45%
dulcinée
45%
mômes
45%
seras
45%
vends
45%
zone
45%
arrive
43%
bloqué
43%
état
43%
entends
42%
pour
42%
traîne
42%
attention
41%
ganté
40%
ca
39%
lâché
39%
mais
39%
conseils
38%
nous
38%
aimer
37%
assassin
37%
privé
37%
bails
36%
criminel
36%
faisant
36%
Quand
36%
critique
35%
était
34%
plus
34%
samedi
34%
sort
33%
va
33%
depuis
31%
deviens
31%
everyday
31%
faire
31%
obligé
31%
avais
30%
longtemps
30%
savais
30%
semblant
30%
tues
30%
veines
30%
dois
27%
ratrappe
27%
serais
27%
trompes
27%
affaires
26%
ferait
26%
cuni
25%
finir
24%
Levrette
24%
rotation
24%
pension
23%
Monnaie
22%
zarres-bi
15%
Aucun quiz correspondant
Distribution des résultats
% des personnes avec chaque résultat
Percentile par nombre de réponses
Votre historique - résultats
Vous n’avez pas pris ce quiz